Statistics for Countries Closest to North Macedonia by first two letters

Click here to take the quiz!

General Stats

  • This quiz has been taken 64 times
  • The average score is 17 of 20

Answer Stats

km country miles % Correct
0Bulgaria0
98%
0Greece0
95%
0Serbia0
95%
79Montenegro49
95%
648Slovakia403
95%
179Croatia111
95%
577Moldova359
95%
577Slovenia358
95%
0Albania0
93%
0Kosovo0
91%
274Turkey170
89%
169Romania105
89%
204Italy127
86%
434Hungary269
82%
183Bosnia and
Herzegovina
114
77%
575Ukraine358
68%
635Austria394
68%
695San Marino432
56%
666Vatican City414
51%
739Poland459
49%

Score Distribution

Percentile by Number Answered

Percent of People with Each Score

Your Score History

You have not taken this quiz